000 00759nam a22002537i 4500
003 URS
005 20220117120606.0
008 180504b xxu||||| |||| 00| 0 eng d
040 _erda
_cURS
_beng
050 _aHF5438.25
_b.P42 1988
100 _aPEDERSON, CARLTON A.
245 _aSELLING: PRINCIPLES AND METHODS /
_cCARLTON A. PEDERSON.__
250 _aNITH EDITION. __
264 1 _aHomewood, Ill. :
_b Richard D. Irwin,
_c1988.
300 _a643 PAGES:
_bILLUSTRATIONS;
_c24cm
336 _atext
_btxt
_2rdacontent
337 _aunmediated
_bn
_2rdamedia
338 _avolume
_bnc
_2rdacarrier
504 _a Includes bibliographies and index
650 _a Selling.
700 _aWRIGHT, MILBURN D.
700 _aWEITZ, BARTON A.
942 _2lcc
_cFR
999 _c4950
_d4950